Music Quiz

Random Music or Album Quiz

Yeah Yeah Yeahs Songs Quiz Stats

Quiz not verified by Sporcle

Challenge
Share
Tweet
Embed
Score 0/47 Timer 10:00
0 Plays Today
Album Song % Correct
Fever to TellMaps
92.9%
It's Blitz!Zero
85.7%
Show Your BonesGold Lion
84.6%
It's Blitz!Heads Will Roll
80.2%
Fever to TellY Control
73.1%
MachinePin (Remix)
71.4%
Fever to TellDate With the Night
71.4%
Fever to TellPin
71.4%
Show Your BonesCheated Hearts
65.9%
It's Blitz!Skeletons
65.4%
IS ISIsis
63.7%
Fever to TellBlack Tongue
58.8%
Fever to TellModern Romance
58.2%
It's Blitz!Soft Shock
58.2%
It's Blitz!Hysteric
58.2%
Fever to TellTick
57.1%
Show Your BonesPhenomena
56.6%
Fever to TellMan
55.5%
Fever to TellRich
54.9%
MachineMachine
54.4%
Show Your BonesHoneybear
51.1%
Show Your BonesTurn Into
51.1%
Fever to TellNo No No
49.5%
It's Blitz!Dull Life
49.5%
Album Song % Correct
It's Blitz!Runaway
49.5%
It's Blitz!Dragon Queen
48.9%
Yeah Yeah YeahsArt Star
47.8%
IS ISDown Boy
47.3%
Fever to TellYeah! New York
45.6%
Show Your BonesWay Out
45.6%
Show Your BonesDudley
45.6%
Show Your BonesWarrior
45.6%
IS IS10 X 10
45.1%
IS ISRockers to Swallow
44%
IS ISKiss, Kiss
44%
It's Blitz!Little Shadow
44%
Fever to TellCold Light
42.9%
Yeah Yeah YeahsBang
35.2%
Yeah Yeah YeahsMiles Away
34.1%
Show Your BonesMysteries
33.5%
Show Your BonesSweets
33.5%
Show Your BonesFancy
32.4%
It's Blitz!Shame and Fortune
32.4%
Yeah Yeah YeahsMystery Girl
28%
Show Your BonesDeja Vu
28%
Yeah Yeah YeahsOur Time
27.5%
MachineGraveyard
19.2%

You're not logged in!

Compare scores with friends on all Sporcle quizzes.
Join for Free
OR
Log In

You Might Also Like...

Show Comments

Extras

Created Oct 14, 2009ReportNominate
Tags:Album Quiz, Song Quiz, yeah, Yeah Yeah

Top Quizzes Today


Score Distribution

Your Account Isn't Verified!

In order to create a playlist on Sporcle, you need to verify the email address you used during registration. Go to your Sporcle Settings to finish the process.

Report this User

Report this user for behavior that violates our Community Guidelines.

Details: